[Event "Challenge"]
[Site "http://www.queenalice.com/game.php?id=971467"]
[Date "2011.8.11"]
[Round "-"]
[White "GugliFerri"]
[Black "Aracy"]
[Result "0-1"]
[WhiteElo "1315"]
[BlackElo "2015"]

1. d4 d5 2. Nc3 Nf6 3. Nf3 Nc6 4. e3 Bg4 5. Bb5 a6 6. Bxc6+ bxc6 7. Qd3 Bxf3 8.
gxf3 g6 9. Bd2 Bg7 10. Rg1 O-O 11. b3 Qd6 12. f4 e6 13. a3 c5 14. b4 cxd4 15.
exd4 a5 16. b5 Nh5 17. Rg4 f5 18. Rh4 Bf6 19. Rh3 Nxf4 20. Bxf4 Qxf4 21. Ne2 Qd6
22. Qe3 Rfb8 23. Nc3 f4 24. Qd2 e5 25. dxe5 Bxe5 26. Qxd5+ Qxd5 27. Nxd5 Bxa1
28. Ne7+ Kg7 29. a4 Re8 30. Kf1 Rxe7 31. Rf3 Be5 32. c4 Bd6 33. Rc3 Bb4 34. Rc2
f3 35. c5 Re1# 0-1

[Event "Challenge"]
[Site "http://www.queenalice.com/game.php?id=971468"]
[Date "2011.8.11"]
[Round "-"]
[White "GugliFerri"]
[Black "AnandaS"]
[Result "0-1"]
[WhiteElo "1223"]
[BlackElo "1219"]

1. e4 e5 2. d4 d5 3. dxe5 dxe4 4. Nc3 Nc6 5. Bb5 Qf6 6. Nxe4 Qxe5 7. Bxc6+ bxc6
8. Qd3 c5 9. Nf3 Qe6 10. O-O h5 11. Re1 Ne7 12. Nxc5 Qf6 13. c3 h4 14. Bg5 Qc6
15. b4 h3 16. g3 Bf5 17. Qe3 f6 18. Bf4 g5 19. Bxg5 fxg5 20. Nxg5 Qg2# 0-1

[Event "Challenge"]
[Site "http://www.queenalice.com/game.php?id=971474"]
[Date "2011.8.11"]
[Round "-"]
[White "GugliFerri"]
[Black "sylviamm"]
[Result "1-0"]
[WhiteElo "1206"]
[BlackElo "1220"]

1. e4 d6 2. d4 Nf6 3. Bd3 c5 4. d5 g6 5. Nc3 Bg7 6. Be3 O-O 7. h3 Nbd7 8. Nf3
Ne5 9. Qe2 Re8 10. Bb5 Bd7 11. Bxd7 Nfxd7 12. Bg5 f6 13. Bf4 Rc8 14. Qb5 b6 15.
Bxe5 fxe5 16. Ng5 Rf8 17. Ne6 1-0

[Event "Challenge"]
[Site "http://www.queenalice.com/game.php?id=975542"]
[Date "2011.8.22"]
[Round "-"]
[White "GugliFerri"]
[Black "tana"]
[Result "0-1"]
[WhiteElo "1207"]
[BlackElo "1953"]

1. e4 e5 2. d4 exd4 3. Qxd4 Nc6 4. Qd5 Nf6 5. Qf5 d5 6. Qf4 Bd6 7. Qg5 O-O 8.
Be3 dxe4 9. Bb5 h6 10. Qh4 Qe7 11. Nc3 Nb4 12. Bd2 Nxc2+ 13. Kf1 Nxa1 14. Nge2
Ng4 15. Qxe7 Bxe7 16. Nxe4 Bf5 17. N4g3 Be6 18. b3 Rad8 19. Ne4 Nc2 20. h3 Nf6
21. f3 Ne3+ 22. Kf2 Nc2 23. Rc1 Nxe4+ 24. fxe4 Rxd2 25. e5 c6 26. Bc4 Na3 27.
Ke1 Bg5 28. Rc3 Rxa2 29. b4 Nxc4 0-1

[Event "Challenge"]
[Site "http://www.queenalice.com/game.php?id=976673"]
[Date "2011.8.25"]
[Round "-"]
[White "GugliFerri"]
[Black "polly"]
[Result "0-1"]
[WhiteElo "1342"]
[BlackElo "1606"]

1. d4 d5 2. Nc3 Nf6 3. Qd3 Nc6 4. e4 e6 5. Bg5 Be7 6. e5 Ne4 7. Nxe4 dxe4 8. Qg3
Bxg5 9. f4 Nxd4 10. O-O-O Bh6 11. Kb1 O-O 12. Bd3 Qd5 13. Qe3 exd3 14. Rxd3 c5
15. Ne2 Qxg2 16. Qg1 Qxe2 17. Qd1 Bxf4 18. Rxd4 Qxd1+ 19. Rdxd1 Bxe5 20. Rde1
Bf6 21. h4 b5 22. Reg1 h6 23. Rh3 c4 24. h5 e5 25. Rf3 Bg5 26. b4 Be6 27. Rfg3
f6 0-1

[Event "Challenge"]
[Site "http://www.queenalice.com/game.php?id=976678"]
[Date "2011.8.25"]
[Round "-"]
[White "GugliFerri"]
[Black "RobertaBorges"]
[Result "1-0"]
[WhiteElo "1313"]
[BlackElo "1100"]

1. e4 e5 2. d4 exd4 3. Qxd4 Nc6 4. Qd5 Nf6 5. Qg5 Bb4+ 6. c3 Bd6 7. Qxg7 Ne7 8.
Qxh8+ Nfg8 9. Bg5 Kf8 10. Bh6+ Ke8 11. Bc4 b5 12. Bd5 c6 13. Bb3 Ba6 14. Qg7 Nd5
15. Qxg8+ Bf8 16. Qxf8# 1-0

[Event "Challenge"]
[Site "http://www.queenalice.com/game.php?id=976680"]
[Date "2011.8.25"]
[Round "-"]
[White "GugliFerri"]
[Black "AMDias"]
[Result "0-1"]
[WhiteElo "1258"]
[BlackElo "1314"]

1. d4 d5 2. e3 Nc6 3. Bb5 e6 4. a3 Nf6 5. Nc3 Be7 6. Nf3 O-O 7. Qe2 Bd7 8. Bd2
a6 9. Bxc6 Bxc6 10. Ne5 Bd7 11. Qf3 Qe8 12. e4 dxe4 13. Nxe4 Bc6 14. Nxc6 Qxc6
15. Nxf6+ Bxf6 16. Qxc6 bxc6 17. O-O Bxd4 18. c3 Bb6 19. Rfd1 Rfd8 20. b4 Rd3
21. a4 Rad8 22. Ra2 R8d5 23. c4 R5d4 24. a5 Ba7 25. Rc2 f5 26. g3 h5 27. c5 Rxb4
28. Re1 Rbd4 29. Bc3 Rd5 30. Rxe6 Rxc5 31. Bb4 Rxc2 32. Re8+ Kf7 33. Re7+ Kg6
34. Rxc7 Bxf2+ 35. Kg2 Bxg3+ 36. Kh3 Rxh2# 0-1

[Event "Challenge"]
[Site "http://www.queenalice.com/game.php?id=976681"]
[Date "2011.8.25"]
[Round "-"]
[White "GugliFerri"]
[Black "Diogolopes"]
[Result "1-0"]
[WhiteElo "1258"]
[BlackElo "1571"]

1. e4 d5 2. e5 d4 3. d3 c5 4. c4 f5 5. Be2 e6 6. Nf3 g6 7. Bg5 Qc7 8. Qa4+ Nc6
9. Nbd2 Bg7 10. a3 Bxe5 11. b4 h6 12. b5 Na5 13. b6+ Qd7 14. Qxa5 hxg5 15. Nxe5
Qd6 16. Nxg6 Rxh2 17. Rxh2 Qxh2 18. O-O-O Qxg2 19. Bh5 Nf6 20. Nf4+ Nxh5 21.
Nxg2 a6 22. Qxc5 Bd7 23. Re1 Rc8 24. Qxd4 Ke7 25. Qe3 f4 26. Qe4 Nf6 27. Qxb7
Ng4 28. Qf3 Ne5 29. Qh3 f3 30. Qh7+ Nf7 31. Ne3 Kf6 32. Ng4+ Ke7 33. b7 Rh8 34.
Qe4 Nd6 35. Qe5 Rb8 36. c5 Nb5 37. Qf6+ 1-0

[Event "Challenge"]
[Site "http://www.queenalice.com/game.php?id=977927"]
[Date "2011.8.28"]
[Round "-"]
[White "GugliFerri"]
[Black "izabela"]
[Result "1-0"]
[WhiteElo "1287"]
[BlackElo "1376"]

1. e4 e5 2. Nf3 Nc6 3. d4 d6 4. d5 Na5 5. Bd2 Nc4 6. Bxc4 Be7 7. h3 Nf6 8. Nc3
O-O 9. Be3 a6 10. Qe2 Bd7 11. b3 b5 12. Bd3 Rb8 13. b4 c6 14. a4 cxd5 15. exd5
Qc7 16. Ne4 Nxe4 17. Bxe4 Qc4 18. Qxc4 bxc4 19. b5 a5 20. c3 Bd8 21. Rb1 Bb6 22.
Ng5 Bxe3 23. fxe3 f6 24. Nxh7 Rfe8 25. g4 Kf7 26. Rf1 Ke7 27. Bg6 Rg8 28. e4 Be8
29. Bf5 g6 30. Be6 Rg7 31. Nxf6 Bf7 32. Bd7 g5 33. Rb2 Rg6 34. Rbf2 Rf8 35. Nh7
Rd8 36. Rxf7# 1-0

[Event "Challenge"]
[Site "http://www.queenalice.com/game.php?id=977928"]
[Date "2011.8.28"]
[Round "-"]
[White "GugliFerri"]
[Black "eloy"]
[Result "0-1"]
[WhiteElo "1337"]
[BlackElo "1767"]

1. d4 d5 2. Nc3 Nf6 3. Nf3 Nc6 4. e3 Bf5 5. Bb5 a6 6. Bxc6+ bxc6 7. Bd2 Ne4 8.
Qe2 Nxd2 9. Qxd2 e6 10. Ne5 Qg5 11. g3 Bb4 12. Nxc6 a5 13. h4 Qh5 14. Rg1 Ra6
15. Ne5 f6 16. Qe2 Qxe2+ 17. Kxe2 fxe5 18. a3 Bxc3 19. bxc3 Bxc2 20. Ra2 Bb3 21.
Rb2 a4 22. f4 exd4 23. cxd4 O-O 24. Rc1 Bc4+ 25. Kf2 Rb6 26. Rb4 Rxb4 27. axb4
a3 28. Kf3 h5 29. g4 hxg4+ 30. Kxg4 a2 31. h5 Ra8 32. Ra1 Rb8 33. f5 Rxb4 34.
fxe6 Rb1 35. Rxa2 Bxa2 36. Kf5 Rf1+ 37. Ke5 Kf8 38. e7+ Kxe7 39. e4 dxe4 40.
Kxe4 Ke6 41. h6 gxh6 42. d5+ Bxd5+ 43. Kd4 Rf4+ 44. Kc5 Rc4+ 45. Kb5 Kd6 46. Ka6
Rb4 47. Ka5 Kc5 48. Ka6 Ra4# 0-1

[Event "Challenge"]
[Site "http://www.queenalice.com/game.php?id=977932"]
[Date "2011.8.28"]
[Round "-"]
[White "izabela"]
[Black "GugliFerri"]
[Result "0-1"]
[WhiteElo "1416"]
[BlackElo "1311"]

1. e4 e5 2. Nf3 d6 3. Nc3 Bg4 4. Be2 Bxf3 5. Bxf3 Nc6 6. O-O Nf6 7. d3 Be7 8.
Bg5 Nd4 9. Bxf6 Bxf6 10. Nd5 Bg5 11. c3 Nc6 12. d4 exd4 13. cxd4 O-O 14. Re1 Re8
15. e5 dxe5 16. dxe5 Nxe5 17. Bh5 Qd6 18. Ne3 Rad8 19. Qxd6 Rxd6 20. Nf5 Rf6 21.
Nd4 c5 22. Nb5 g6 23. Be2 Bd2 24. Nc7 Rd8 25. Red1 c4 26. Rac1 Rc6 27. Nb5 Bg5
28. Nxa7 Ra6 29. Rxd8+ Bxd8 30. Nb5 Rxa2 31. Nd6 Rxb2 32. Bxc4 Nxc4 33. Nxc4 Bg5
34. Nxb2 Bxc1 35. Nc4 b5 36. Na5 Bd2 37. Nb3 Bc3 38. g3 b4 39. h4 h5 40. Kg2 f5
41. f3 Kg7 42. Kh3 Kf6 43. g4 f4 44. g5+ Ke5 45. Nc1 Kd4 46. Nb3+ Ke3 47. Kg2
Kd3 48. Na5 Kc2 49. Nc4 b3 50. Na3+ Kd3 51. Kh3 b2 52. Kg2 Bb4 0-1

[Event "Challenge"]
[Site "http://www.queenalice.com/game.php?id=977933"]
[Date "2011.8.28"]
[Round "-"]
[White "GugliFerri"]
[Black "izabela"]
[Result "1-0"]
[WhiteElo "1235"]
[BlackElo "1399"]

1. d4 d5 2. Nc3 Nf6 3. Qd3 e6 4. Nf3 Nc6 5. Bg5 Be7 6. e4 e5 7. exd5 Nxd5 8.
Bxe7 Ncxe7 9. Be2 Nf4 10. Qb5+ c6 11. Qxe5 Nxg2+ 12. Kd1 O-O 13. Bd3 Re8 14. Rg1
Ng6 15. Bxg6 Rxe5 16. Nxe5 Qxd4+ 17. Nd3 Qg4+ 18. Ne2 Qxg6 19. Ndf4 Qd6+ 20. Nd3
Bh3 21. Kc1 Re8 22. Nc3 Nf4 23. b3 Nxd3+ 24. cxd3 Qxd3 25. Kb2 Qd2+ 26. Ka3 Qxc3
27. Rgd1 Qc2 28. f4 Re2 29. Rd8+ Re8 30. Rxe8# 1-0

[Event "Challenge"]
[Site "http://www.queenalice.com/game.php?id=985551"]
[Date "2011.9.15"]
[Round "-"]
[White "GugliFerri"]
[Black "marta3r"]
[Result "0-1"]
[WhiteElo "1305"]
[BlackElo "1666"]

1. e4 e5 2. Nf3 Nc6 3. d4 Nxd4 4. Nxd4 exd4 5. Qxd4 d6 6. Bc4 Nf6 7. Bg5 Be7 8.
Bxf6 Bxf6 9. e5 Bxe5 10. Qe4 O-O 11. Bd3 f5 12. Bc4+ Kh8 13. Qd5 Re8 14. O-O c6
15. Qf7 d5 16. Bd3 Rf8 17. Qh5 g6 18. Qh6 Bxb2 19. Re1 Bxa1 20. Re3 Qf6 21. Rg3
Qg7 22. Rh3 Qxh6 23. Rxh6 Bg7 24. Rh3 Re8 25. g4 Re1+ 26. Kg2 fxg4 27. Rg3 Rxb1
28. c4 Rb2 29. a4 Ra2 0-1

[Event "Challenge"]
[Site "http://www.queenalice.com/game.php?id=986576"]
[Date "2011.9.17"]
[Round "-"]
[White "AMDias"]
[Black "GugliFerri"]
[Result "1-0"]
[WhiteElo "1414"]
[BlackElo "1335"]

1. e4 d5 2. exd5 Qxd5 3. Nc3 Qe5+ 4. Be2 Bg4 5. Nf3 Bxf3 6. gxf3 Qg5 7. Ne4 Qg2
8. Ng3 e5 9. Bf1 Qxh1 10. Nxh1 f5 11. d4 e4 12. fxe4 fxe4 13. c3 Nf6 14. Ng3 Bd6
15. Qb3 b6 16. Qe6+ Be7 17. Be2 Nbd7 18. Nxe4 Nxe4 19. Qxe4 Rb8 20. Bf4 Nf6 21.
Qc6+ Nd7 22. Bg4 O-O 23. Bxc7 Rbc8 24. Qxd7 Bh4 25. Be5 Bxf2+ 26. Ke2 1-0

[Event "Challenge"]
[Site "http://www.queenalice.com/game.php?id=987962"]
[Date "2011.9.21"]
[Round "-"]
[White "GugliFerri"]
[Black "AliceLachmann00"]
[Result "0-1"]
[WhiteElo "1337"]
[BlackElo "1173"]

1. e4 e5 2. d4 f6 3. d5 Bc5 4. Nf3 c6 5. d6 b5 6. Nc3 Qb6 7. Be3 Bxe3 8. fxe3
Qxe3+ 9. Be2 b4 10. Qd3 Qc5 11. Na4 Qa5 12. b3 Ba6 13. Qd2 Bxe2 14. Qxe2 Nh6 15.
c4 bxc3 16. Qc2 Qb4 17. O-O Qxd6 18. Qxc3 O-O 19. Qc4+ Qe6 20. Nc5 Qxc4 21. bxc4
d6 22. Ne6 Rf7 23. Rfd1 Rd7 24. a4 Na6 25. a5 Re8 26. Rab1 Rxe6 27. c5 Nxc5 28.
Rb8+ Kf7 29. Rc1 Nxe4 30. Rxc6 d5 31. Rcc8 d4 32. Rf8+ Kg6 33. Nh4+ Kh5 34. g3
d3 35. Rg8 Nxg8 36. Rxg8 d2 37. Rh8 d1=Q+ 38. Kg2 Qe2+ 39. Kh3 Qg4+ 40. Kg2 Rd2+
0-1

[Event "Challenge"]
[Site "http://www.queenalice.com/game.php?id=990022"]
[Date "2011.9.25"]
[Round "-"]
[White "GugliFerri"]
[Black "alyne_gracyelle"]
[Result "0-1"]
[WhiteElo "1313"]
[BlackElo "1693"]

1. e4 e5 2. d4 exd4 3. Qxd4 Nc6 4. Qd1 Nf6 5. Bd3 Bc5 6. Bg5 O-O 7. Nf3 d6 8. h3
h6 9. Bxf6 Qxf6 10. Nc3 Re8 11. Nd5 Qd8 12. Qd2 Ne7 13. O-O-O c6 14. Nxe7+ Qxe7
15. Rde1 Be6 16. Rhf1 Bxa2 17. Qf4 b5 18. Qf5 g6 19. Qg4 Be6 20. Qf4 Kg7 21. e5
d5 22. g4 g5 23. Qd2 a5 24. Rh1 a4 25. b4 Bxb4 0-1

[Event "Challenge"]
[Site "http://www.queenalice.com/game.php?id=990064"]
[Date "2011.9.26"]
[Round "-"]
[White "GugliFerri"]
[Black "Ecki123"]
[Result "0-1"]
[WhiteElo "1311"]
[BlackElo "1569"]

1. d4 d5 2. Nc3 Bf5 3. h3 h6 4. Nf3 Nc6 5. e3 a6 6. Bd2 Nf6 7. Bd3 Bxd3 8. cxd3
e6 9. Qe2 Bb4 10. e4 dxe4 11. dxe4 Nxd4 12. Qd3 Nxf3+ 13. Qxf3 Qd4 14. Be3 Bxc3+
15. bxc3 Qxc3+ 16. Ke2 Qc2+ 17. Bd2 O-O-O 18. Qc3 Qxe4+ 19. Be3 Nd5 0-1

[Event "Challenge"]
[Site "http://www.queenalice.com/game.php?id=991197"]
[Date "2011.9.29"]
[Round "-"]
[White "GugliFerri"]
[Black "Rayaniinha"]
[Result "0-1"]
[WhiteElo "1330"]
[BlackElo "1309"]

1. d4 d5 2. Nc3 Nf6 3. h3 Nc6 4. Nf3 e6 5. Bg5 Be7 6. a3 h6 7. Bf4 Nh5 8. e3
Nxf4 9. exf4 O-O 10. Bd3 b6 11. Bb5 Bd7 12. Ne5 Nxe5 13. fxe5 c6 14. Ba6 b5 15.
Qd3 Rb8 16. O-O-O Qb6 17. h4 Qxa6 18. Rh3 g6 19. h5 Bg5+ 20. Kb1 f5 21. exf6
Rxf6 22. hxg6 Be8 23. f3 Bxg6 24. Qe2 Qc8 25. Rf1 Qf8 26. Qe5 Re8 27. Qc7 Re7
28. Qxc6 Bf5 29. Rh5 Qf7 30. Rfh1 Bg6 31. R5h3 e5 32. Nxd5 Rxc6 33. Nxe7+ Qxe7
34. d5 Bxc2+ 0-1